| 000 | 01087nam0a2200277 4500 | ||
|---|---|---|---|
| 001 | RU\NLR\BIBL_A\022434214 | ||
| 005 | 20250625233204.0 | ||
| 010 | _92000 | ||
| 035 | _a(NLR Aleph) 022434214 | ||
| 090 |
_a13347042 _c13347042 |
||
| 100 | _a20250123d1950 |||y0rusy50 ca | ||
| 101 | 0 | _amol | |
| 102 | _aMD | ||
| 105 | _ay z 000 y | ||
| 181 | 0 |
_ai _baxxe |
|
| 182 | 0 | _an | |
| 200 | 1 |
_aПрограме пентру шкоала мижлочие _eфизика, астрономия _f[ред.: С. С. Горячник] _gминистерул де ынвэцэмынт ал РСС Молдовенешть кырмуиря школилор ынчепэтоаре ши мижлочий |
|
| 203 |
_aТекст _bвизуальный _cнепосредственный |
||
| 210 |
_aКишинэу _cШкоала советитикэ _d1950 |
||
| 215 |
_a31,[1] с. _d20 |
||
| 541 | 1 |
_aПрограммы средней школы _eфизика, астрономия _zrus |
|
| 686 | 1 | _aЧ426.5 | |
| 702 | 1 |
_aГорячник _bС. С. _4340 |
|
| 942 | _cBOOK | ||
| 980 | _aNB | ||